LEADER 04473nam 2200673 a 450 001 9910461538503321 005 20200520144314.0 010 $a1-280-49719-X 010 $a9786613592422 010 $a94-012-0733-X 024 7 $a10.1163/9789401207331 035 $a(CKB)2670000000148479 035 $a(EBL)943854 035 $a(SSID)ssj0000647446 035 $a(PQKBManifestationID)11383148 035 $a(PQKBTitleCode)TC0000647446 035 $a(PQKBWorkID)10593529 035 $a(PQKB)10031794 035 $a(MiAaPQ)EBC943854 035 $a(OCoLC)774635817 035 $a(nllekb)BRILL9789401207331 035 $a(Au-PeEL)EBL943854 035 $a(CaPaEBR)ebr10535705 035 $a(CaONFJC)MIL359242 035 $a(OCoLC)785785353 035 $a(EXLCZ)992670000000148479 100 $a20120309d2012 uy 0 101 0 $aeng 135 $aur|n|---||||| 181 $ctxt 182 $cc 183 $acr 200 10$aResponses to the enlightenment$b[electronic resource] $ean exchange on foundations, faith, and community /$fWilliam Sweet and Hendrik Hart 210 $aAmsterdam $cRodopi$d2012 215 $a1 online resource (312 p.) 225 1 $aValue inquiry book series. Philosophy and religion ;$vv. 241 300 $aDescription based upon print version of record. 311 $a90-420-3447-5 320 $aIncludes bibliographical references and index. 327 $tPreliminary Material -- $tREASON AND RELIGION /$rHendrik Hart -- $tLIBERALISM, PLURALISM, AND LIVED FAITH /$rHendrik Hart -- $tANTI-FOUNDATIONALISM AND THE NATURE OF RELIGIOUS BELIEF /$rWilliam Sweet -- $tFAITH AS TRUST AND BELIEF AS INTELLECTUAL CREDULITY /$rHendrik Hart -- $tFAITH, BELIEF, AND RELIGIOUS TRUTH /$rWilliam Sweet -- $tDISCOURSE AND RELIGIOUS TRUTH /$rWilliam Sweet -- $tRELIGIOUS BELIEF, MEANING, AND ARGUMENT /$rWilliam Sweet -- $tFINAL VOCABULARIES AND BUILDING COMMUNITIES /$rWilliam Sweet -- $tRELIGIOUS BELIEF AND COMMUNITY /$rWilliam Sweet -- $tSORTING OUT REASON /$rHendrik Hart -- $tFOCUSED IN FAITH: THE EPISTEMOLOGY OF FAITH AS A WAY OF KNOWING /$rHendrik Hart -- $tTHE GIVE-AND-TAKE OF CROSS-TRADITIONAL DISCOURSE /$rHendrik Hart -- $tDISTINGUISHING TO UNITE: REASON, RELIGION, AND THE LEGACY OF THE ENLIGHTENMENT /$rWilliam Sweet -- $tWORKS CITED -- $tADDENDUM TO CHAPTER SIX: TERMINOLOGICAL CLARIFICATIONS /$rWilliam Sweet -- $tABOUT THE AUTHORS -- $tINDEX -- $tVIBS. 330 $aSince the time of the Enlightenment in Western Europe, discussions of faith and reason have often pitted the believer against the skeptic, the theist against the atheist, and the person of one faith against the person of no professed faith. But the relation of reason to faith has been a matter of debate among believers as well. There are those who hold that religious faith can be proven or supported by rational argument. Others say that to try to give reasons and arguments does violence to religious faith, or opens it to misunderstanding and doubt, or trivializes it. Responses to the Enlightenment: An Exchange on Foundations, Faith, and Community is a dialogue between Hendrik Hart and William Sweet, two philosophers who identify themselves as Christians, and who seek to respond to the challenges of the Enlightenment and its legacy. The authors approach the relation of faith to reason, however, in very different ways: Hart from the perspective of the Calvinian tradition and postmodern philosophy, Sweet from the Catholic tradition and analytic philosophy. Among the topics discussed are the nature of religious faith and of reason, liberalism and orthodoxy in religion, the relation of religious experience and rationality, and building community in a religiously and culturally pluralistic world. This exchange presents two distinctive perspectives to some of the major challenges of the reason to religious belief, but seeks to find common ground between them. 410 0$aValue inquiry book series.$pPhilosophy and religion ;$vv. 241. 606 $aEnlightenment 606 $aFaith 606 $aReason 608 $aElectronic books. 615 0$aEnlightenment. 615 0$aFaith. 615 0$aReason. 676 $a201.61 700 $aSweet$b William$0303586 701 $aHart$b Hendrik$0886099 801 0$bMiAaPQ 801 1$bMiAaPQ 801 2$bMiAaPQ 906 $aBOOK 912 $a9910461538503321 996 $aResponses to the enlightenment$91978693 997 $aUNINA LEADER 03675nam 2200733Ia 450 001 9910830325603321 005 20230721004735.0 010 $a1-119-20780-0 010 $a1-282-34943-0 010 $a9786612349430 010 $a0-470-74284-4 035 $a(CKB)1000000000707603 035 $a(EBL)416549 035 $a(OCoLC)313861826 035 $a(SSID)ssj0000260988 035 $a(PQKBManifestationID)12044890 035 $a(PQKBTitleCode)TC0000260988 035 $a(PQKBWorkID)10255439 035 $a(PQKB)10197265 035 $a(MiAaPQ)EBC416549 035 $a(EXLCZ)991000000000707603 100 $a20081205d2009 uy 0 101 0 $aeng 135 $aur|n|---||||| 181 $ctxt 182 $cc 183 $acr 200 10$aTrading regime analysis$b[electronic resource] $ethe probability of volatility /$fMurray Gunn 210 $aChichester, England ;$aHoboken, NJ $cWiley$dc2009 215 $a1 online resource (442 p.) 225 1 $aWiley trading 300 $aDescription based upon print version of record. 311 $a0-470-98785-5 320 $aIncludes bibliographical references (p. [417]) and index. 327 $aTrading Regime Analysis; Contents; Foreword; Acknowledgements; PART I: SUPPLY AND DEMAND; 1 There is NO Holy Grail; 2 The "Nature" of Markets; 3 Volatility Defined; PART II: EXISTING TRADING REGIME ANALYSIS; 4 Orthodox Pattern Recognition; 5 Japanese Candlesticks; 6 Volume Considerations; 7 Previous Highs and Lows; 8 Elliott Wave Principle; 9 Moving Average Envelopes; 10 Bollinger Band Width; 11 The ADX; 12 Point and Figure Charts; 13 Rate of Change and Divergence; 14 Williams %R; 15 Donchian Channels; 16 A Nod to the Quants; PART III: FURTHER IDEAS FOR TRADING REGIME ANALYSIS 327 $a17 Implied Volatility Curves18 The Volatility Smile; 19 My MATE; 20 Trend-Following Performance Indicator; 21 Trading Regime Indicator; PART IV: COMBINING AND USING TRADING REGIME ANALYSIS; 22 An Eclectic Approach; 23 Applications for Traders and Investors; 24 Trading Regime Analysis for Economists and Fundamentalists; 25 Case Studies; 26 There is Still No Holy Grail; Appendix 1: Time Fractals and the Supply/Demand Index; Appendix 2: Why Do Trend Lines Work?; Appendix 3: Examples of Trend Lines; References; Index 330 $aTrading Regime Analysis is a groundbreaking work on how markets behave and how to profit from this behaviour. The book describes that it is the human nature of markets which explains why this behaviour exists and whether one believes in fundamental or technical market analysis, the ebb and flow of volatility is the one undeniable truth that exists in financial and commodity markets. It is the up and down cycles of volatility that is the manifestation of human psychology as the ultimate driver of markets and volatility, like human behaviour, has a distinct cycle to it.Offers 410 0$aWiley trading. 606 $aStocks 606 $aCapital market 606 $aInvestments 610 0$aAktienmarktanalyse 610 0$aCommodity exchanges 610 0$aInvestition 610 0$aInvestments 610 0$aSpeculation 610 0$aSpekulation$aWirtschaft 610 0$aStock exchanges 610 0$aVolatilita?t 615 0$aStocks. 615 0$aCapital market. 615 0$aInvestments. 676 $a332.095195 676 $a332.6 676 $a332.632042 686 $aQK 650$2rvk 700 $aGunn$b Murray$01696404 801 0$bMiAaPQ 801 1$bMiAaPQ 801 2$bMiAaPQ 906 $aBOOK 912 $a9910830325603321 996 $aTrading regime analysis$94076362 997 $aUNINA